| 000 | 01194nam a22002897a 4500 | ||
|---|---|---|---|
| 999 |
_c119183 _d119183 |
||
| 003 | dpl | ||
| 005 | 20190502153524.0 | ||
| 008 | 190502b ||||| |||| 00| 0 eng d | ||
| 010 | _aB-175394 | ||
| 020 | _c100.00 | ||
| 035 | _aB-175394, B-175404 | ||
| 037 | _bCen Lib/Ret | ||
| 040 |
_aDPL _bHN _c0 |
||
| 082 |
_a306.0954 _bशर्माच |
||
| 100 |
_aशर्मा, चन्द्र भानु _983725 |
||
| 245 |
_aसंस्कृति-संस्कार-सरोवर / _cचन्द्र भानु शर्मा |
||
| 246 |
_aSanskriti-sanskar-sarovar / _bby Chandra Bhanu Sharma |
||
| 250 | _aद्वितीय संस्करण | ||
| 260 |
_bसमता प्रकाशन _aदिल्ली |
||
| 270 |
_bदिल्ली _e110032 _a30/64, गली नं.8, विश्वास नगर, शाहदरा |
||
| 300 |
_a169पृ. _c21सेमी(सजिल्द) |
||
| 650 |
_aइस्लाम -- धर्म _91413 |
||
| 650 |
_aसिख -- धर्म _93671 |
||
| 650 |
_aIslam - Religion _9830 |
||
| 650 |
_aSikh - Religion _979271 |
||
| 942 |
_2ddc _cHN _h306.0954 _mशर्माच |
||